The revenue impact on the Indian masses of exchange rate changes in the context of the drain of wealth, 1871 to 1901 (Record no. 513457)

000 -LEADER
fixed length control field 00447nam a22001337a 4500
008 - FIXED-LENGTH DATA ELEMENTS--GENERAL INFORMATION
fixed length control field 200221b ||||| |||| 00| 0 eng d
100 ## - MAIN ENTRY--PERSONAL NAME
Personal name Patnaik, Utsa
245 ## - TITLE STATEMENT
Title The revenue impact on the Indian masses of exchange rate changes in the context of the drain of wealth, 1871 to 1901
260 ## - PUBLICATION, DISTRIBUTION, ETC. (IMPRINT)
Name of publisher, distributor, etc Social Scientist
300 ## - PHYSICAL DESCRIPTION
Extent 47(11-12), Nov-Dec, 2019: p.3-21.
773 ## - HOST ITEM ENTRY
Main entry heading Social Scientist
906 ## - LOCAL DATA ELEMENT F, LDF (RLIN)
Subject DIP Exchange rates
942 ## - ADDED ENTRY ELEMENTS (KOHA)
Item type Articles
Holdings
Withdrawn status Lost status Source of classification or shelving scheme Damaged status Not for loan Permanent location Current location Date acquired Serial Enumeration / chronology Barcode Date last seen Koha item type
          Indian Institute of Public Administration Indian Institute of Public Administration 2020-02-21 47(11-12), Nov-Dec, 2019: p.3-21. AR122633 2020-02-21 Articles

Powered by Koha